000 00861cam a2200289 a 4500
003 OSt
005 20220107122712.0
007
008 130514b xxu||||| |||| 00| 0 eng d
020 _a9783642191756
040 _cIIITMK
082 _a005.12 GOR/E
100 1 _aGorton, Ian.
_992
210 1 0 _aEssential software architecture
245 1 0 _aEssential software architecture
_cby Ian Gorton.
250 _a2nd ed.
260 _aHeidelberg,
_bSpringer,
_c2011.
300 _axvi, 242p.
504 _aIncludes bibliographical references and index.
506 _aLicense restrictions may limit access.
650 0 _aCOMPUTER SCIENCE
_993
650 0 _aSOFTWARE ARCHITECTURE
_9290
650 0 _aINFORMATION TECHNOLOGY
_9291
773 0 _tSpringerLink ebooks - Computer Science (2011)
910 _aLibrary of Congress record
942 _2ddc
_cBK
999 _c2943
_d2943